ბათუმის შოთა რუსთაველის სახელმწიფო უნივერსიტეტის ბიბლიოთეკა

ფილოქტეტესი = Φιλοκτήτης : (ბიბ.ჩანაწერი № 55017)

000 -ლიდერი
ფიქსირებული სიგრძის საკონტროლო ველი 02694nam a2200325Ia 4500
001 - საკონტროლო ნომერი
საკონტროლო ველი 22091
003 - საკონტროლო ნომრის იდენტიფიკატორი
საკონტროლო ველი GE_BSU
005 - ბოლო ოპერაციის თარიღი და დრო
საკონტროლო ველი 20221021173354.0
008 - ფიქსირებული სიგრძის მონაცემთა ელემენტები - ზოგადი ინფორმაცია
ფიქსირებული სიგრძის საკონტროლო ველი 181216s ||||ge |||||||||||||| ||geo||
020 ## - წიგნის საერთაშორისო სტანდარტული ნომერი
International Standard Book Number 978-9941-468-15-5
040 ## - კატალოგიზაციის წყარო
Transcribing agency GE_BSU
041 ## - ენის კოდი
Language code of text/sound track or separate title geo
080 ## - უნივერსალური ათობითი კლასიფიკაციის ინდექსი
Universal Decimal Classification number 821.14'04-21 ს-72
100 ## - მთავარი ჩანაწერი - პიროვნების სახელი
Personal name სოფოკლე
9 (RLIN) 15460
245 ## - ცნობა სათაურის შესახებ
Title ფილოქტეტესი = Φιλοκτήτης :
Remainder of title [ტრაგედია] /
Statement of responsibility, etc სოფოკლე ; ძვ. ბერძნულიდან თარგმნა, შესავალი წერილი და განმარტებანი დაურთო ნანა ტონიამ ; რედაქტორი რისმაგ გორდეზიანი ; დიზაინი ალეკო ჯიქურიძის.
264 ## - წარმოების, გამოცემის, დისტრიბუციის და სხვა ცნობები
გამოცემის, წარმოების, დისტრიბუციის... ადგილი თბილისი :
გამოცემის, წარმოების, დისტრიბუციის... სახელწოდება ლოგოსი,
გამოცემის, წარმოების, დისტრიბუციის... თარიღი 2017.
300 ## - ფიზიკური აღწერა
Extent 192 გვ. ;
Dimensions 18 სმ.
490 ## - სერიის ცნობა
Series statement პროგრამა ”ლოგოსი: პუბლიკაციები და ღონისძიებები კლასიკური ფილოლოგიის, ბიზანტინისტიკისა და ნეოგრეცისტიკის სფეროში
500 ## - ზოგადი შენიშვნა
General note გამოცემა განხორციელდა ქართული წიგნის ეროვნული ცენტრის და საქართველოს კულტურისა და ძეგლთა დაცვის სამინისტროს მხარდაჭერით
501 ## - შენიშვნა თანმხლებ მასალაზე
With note დამატებითი სატიტულო გვერდი ბერძნულ ენაზე
501 ## - შენიშვნა თანმხლებ მასალაზე
With note განმარტებანი გვ. : 186-191
653 ## - INDEX TERM--UNCONTROLLED
Uncontrolled term ბერძნული ლიტერატურა
653 ## - INDEX TERM--UNCONTROLLED
Uncontrolled term ფილოქტეტესი = Φιλοκτήτης : [ტრაგედია]
700 ## - ADDED ENTRY--PERSONAL NAME
Personal name გორდეზიანი, რისმაგ
Relator term რედაქტორი
9 (RLIN) 3462
700 ## - ADDED ENTRY--PERSONAL NAME
Personal name ტონია, ნანა
Relator term მთარგმნელი
9 (RLIN) 15461
700 ## - ADDED ENTRY--PERSONAL NAME
Relator code ჯიქურიძე, ალეკო
Relator term დიზაინერი
9 (RLIN) 15462
710 ## - ADDED ENTRY--CORPORATE NAME
Corporate name or jurisdiction name as entry element ივანე ჯავახიშვილის სახელობის თბილისის სახელმწიფო უნივერსიტეტი
Subordinate unit კლასიკური ფილოლოგიის, ბიზანტინისტიკისა და ნეოგრეცისტიკის ინსტიტუტი
9 (RLIN) 13867
942 ## - ADDED ENTRY ELEMENTS (KOHA)
Koha item type წიგნი
Source of classification or shelving scheme
ეგზემპლარები
ჩამოწერის სტატუსი დაკარგული ეგზემპლარის სტატუსი კლასიფიკაციის წყარო ან თაროზე გაწყობის სქემა დაზიანების სტატუსი არ გაიცემა მუდმივი მდებარეობა (დაცვის ადგილი) ამჟამინდელი ადგილსამყოფელი თაროზე განთავსების ადგილი შეძენის თარიღი ღირებულება, შესყიდვის ნორმალური ფასი სრული შენახვის შიფრი შტრიხკოდი ბოლო ოპერაციის თარიღი ეგზემპლარის მიმდევრობითი ნომერი (კეტერი?) ფასის ძალაში შესვლის თარიღი ეგზემპლარის სახეობა საჯარო შენიშვნა
          ბათუმის შოთა რუსთაველის სახელმწიფო უნივერსიტეტის მთავარი ბიბლიოთეკა ბათუმის შოთა რუსთაველის სახელმწიფო უნივერსიტეტის მთავარი ბიბლიოთეკა წიგნსაცავი 2018-12-17 6.90 821.14'04-21 ს-72 56979 2018-12-17 56979 2018-12-17 წიგნი 6.90 ₾.
          ბათუმის შოთა რუსთაველის სახელმწიფო უნივერსიტეტის მთავარი ბიბლიოთეკა ბათუმის შოთა რუსთაველის სახელმწიფო უნივერსიტეტის მთავარი ბიბლიოთეკა წიგნსაცავი 2018-12-17 6.00 821.14'04-21 ს-72 56980 2018-12-17 56980 2018-12-17 წიგნი 6.90 ₾.
          ბათუმის შოთა რუსთაველის სახელმწიფო უნივერსიტეტის მთავარი ბიბლიოთეკა ბათუმის შოთა რუსთაველის სახელმწიფო უნივერსიტეტის მთავარი ბიბლიოთეკა წიგნსაცავი 2018-12-17 6.90 821.14'04-21 ს-72 56981 2018-12-17 56981 2018-12-17 წიგნი 6.90 ₾.